| 000 | 00640cam a22001931i 4500 | ||
|---|---|---|---|
| 082 |
_a519.5 _bMAC _cL-2,P-11 |
||
| 100 | 1 |
_aMackey, Charles O. _939481 |
|
| 245 | 1 | 0 |
_aGraphical solutions / _cby Charles O. Mackey. |
| 250 | _a2d ed. | ||
| 260 |
_aNew York : _bJ. Wiley & sons, inc. ; _aLondon : _bChapman & Hall, limited, _c[1944] |
||
| 300 |
_avi, 152 p. : _bill., diagrs. ; _c22 cm. |
||
| 500 | _a"Logarithmic scales": folded leaf in pocket. | ||
| 526 |
_a0 _b0 _c0 _d519_500000000000000_MAC |
||
| 650 | 0 |
_aEngineering _xTables. _939482 |
|
| 650 | 0 |
_aGraphic methods. _92983 |
|
| 650 | 0 |
_aMCE _9379 |
|
| 650 | 0 | _aSlide-rule. | |
| 942 |
_2ddc _cBK |
||
| 999 |
_c543966 _d543966 |
||